[Event "Medellin Antioquia-ch"]
[Site "Medellin"]
[Date "2023.04.20"]
[Round "3"]
[White "Perez Arroyave, Damian"]
[Black "Escobar Leon, Ramiro"]
[Result "1-0"]
[WhiteElo "1806"]
[BlackElo "1588"]
[PlyCount "25"]
[EventDate "2023.04.18"]
[EventType "swiss"]
[EventRounds "7"]
[EventCountry "COL"]
[SourceTitle "EXT 2024"]
[Source "ChessBase"]
[SourceDate "2023.10.10"]
[SourceVersion "1"]
[SourceVersionDate "2023.10.10"]
[SourceQuality "1"]

1. e4 Nf6 2. e5 Nd5 3. Nc3 Nxc3 4. dxc3 e6 5. Bd3 Nc6 6. Nf3 Be7 7. Be3 0-0 8. h4 f6 9. Bxh7+ Kh8 10. Bg6 fxe5 11. Nxe5 Rf5 12. Bxf5 exf5 13. Nf7+ 1-0

[Event "Medellin Feria de las Flores op"]
[Site "Medellin"]
[Date "2022.08.03"]
[Round "1"]
[White "Perez Arroyave, Damian"]
[Black "Campos Gomez, Manuel"]
[Result "0-1"]
[WhiteElo "1806"]
[BlackElo "2352"]
[PlyCount "56"]
[EventDate "2022.08.03"]
[EventType "swiss"]
[EventRounds "9"]
[EventCountry "COL"]
[SourceTitle "CBM 209 Extra"]
[Source "ChessBase"]
[SourceDate "2022.09.30"]
[SourceVersion "1"]
[SourceVersionDate "2022.09.30"]
[SourceQuality "1"]

1. e4 Nf6 2. e5 Nd5 3. a3 d6 4. d4 g6 5. exd6 cxd6 6. h4 Nc6 7. h5 Bg7 8. hxg6 hxg6 9. Rxh8+ Bxh8 10. c3 Bf5 11. g4 Bd7 12. Qf3 Nb6 13. a4 Qc8 14. Qh1 Bg7 15. a5 Nxd4 16. Qh7 Bxg4 17. Qxg7 Qe6+ 18. Be3 Nc2+ 19. Kd2 Qd5+ 20. Bd3 Nxa1 21. axb6 Nb3+ 22. Kc2 Rc8 23. bxa7 Kd7 24. Ne2 Qxd3+ 25. Kxb3 Be6+ 26. Ka3 Qa6+ 27. Kb4 Rc4+ 28. Kb3 Qa4# 0-1

[Event "Medellin U2000 op"]
[Site "Medellin"]
[Date "2022.05.18"]
[Round "1"]
[White "Perez Arroyave, Damian"]
[Black "Norena Marin, Jeronimo"]
[Result "1-0"]
[WhiteElo "1836"]
[BlackElo "1359"]
[PlyCount "49"]
[EventDate "2022.05.18"]
[EventType "swiss"]
[EventRounds "7"]
[EventCountry "COL"]
[SourceTitle "CBM 208 Extra"]
[Source "ChessBase"]
[SourceDate "2022.07.31"]
[SourceVersion "1"]
[SourceVersionDate "2022.07.31"]
[SourceQuality "1"]

1. e4 d5 2. exd5 Nf6 3. d4 Bg4 4. Bb5+ Bd7 5. Bc4 Bf5 6. Nc3 Nbd7 7. Nf3 a6 8. 0-0 Nb6 9. Bd3 Bg6 10. Bg5 Nbxd5 11. Re1 e6 12. Nxd5 Qxd5 13. c4 Qd7 14. Ne5 Qd6 15. c5 Qd8 16. Bxg6 hxg6 17. Qb3 Qd5 18. Qa4+ c6 19. Rad1 Be7 20. Qb4 Rb8 21. Bf4 g5 22. Bxg5 b6 23. Bf4 Rb7 24. Qa4 b5 25. Qxa6 1-0

[Event "COL-ch Cat B/C U2200"]
[Site "Medellin"]
[Date "2021.06.13"]
[Round "6"]
[White "Gomez, Jorge Leonardo"]
[Black "Perez Arroyave, Damian"]
[Result "1-0"]
[WhiteElo "1835"]
[BlackElo "1837"]
[PlyCount "64"]
[EventDate "2021.06.10"]
[EventType "swiss"]
[EventRounds "7"]
[EventCountry "COL"]
[SourceTitle "EXT 2022"]
[Source "ChessBase"]
[SourceDate "2021.10.06"]
[SourceVersion "1"]
[SourceVersionDate "2021.10.06"]
[SourceQuality "1"]

1. d4 d5 2. Bf4 Nf6 3. e3 e6 4. Nd2 Bd6 5. Bg3 0-0 6. Bd3 Nbd7 7. Ngf3 Re8 8. Ne5 Nf8 9. f4 c5 10. c3 cxd4 11. exd4 Qb6 12. Rb1 Bd7 13. Bf2 Rac8 14. g4 Bb5 15. Bc2 N6d7 16. g5 Ng6 17. Qg4 Qa6 18. h4 Bxe5 19. fxe5 Bd3 20. Bxd3 Qxd3 21. Rh3 Qc2 22. h5 Ngxe5 23. dxe5 Nxe5 24. Qd4 Qf5 25. Qe3 Nc4 26. Qd3 Qxg5 27. Nf3 Qg4 28. Rh4 Qg2 29. Ke2 e5 30. Qxd5 e4 31. Rxe4 Kf8 32. Rg1 Qh3 1-0

[Event "Medellin Aristizabal Cup"]
[Site "Medellin"]
[Date "2020.11.18"]
[Round "1"]
[White "Diaz Gonzalez, Ana Sofia"]
[Black "Perez Arroyave, Damian"]
[Result "0-1"]
[WhiteElo "1359"]
[BlackElo "1845"]
[PlyCount "54"]
[EventDate "2020.11.18"]
[EventType "swiss"]
[EventRounds "7"]
[EventCountry "COL"]
[SourceTitle "CBM 199 Extra"]
[Source "ChessBase"]
[SourceDate "2021.01.31"]
[SourceVersion "1"]
[SourceVersionDate "2021.01.31"]
[SourceQuality "1"]

1. e4 e5 2. Nf3 Nc6 3. Bc4 Nf6 4. Ng5 d5 5. exd5 Na5 6. Bb5+ c6 7. dxc6 bxc6 8. Ba4 h6 9. Nh3 Bxh3 10. gxh3 Qd5 11. 0-0 Nh7 12. Qg4 Ng5 13. Nc3 Qd7 14. Qxd7+ Kxd7 15. Kg2 Bd6 16. d3 Ne6 17. Bd2 Nb7 18. Ne4 Bc7 19. Bc3 f5 20. Nd2 Nf4+ 21. Kg3 Ne2+ 22. Kg2 Nc5 23. Bb3 Nxc3 24. bxc3 Ba5 25. d4 Nxb3 26. cxb3 Bxc3 27. Rad1 exd4 0-1

[Event "COL-ch sf1"]
[Site "Medellin"]
[Date "2019.04.21"]
[Round "10"]
[White "Perez Arroyave, Damian"]
[Black "Torres, Juan Camilo"]
[Result "0-1"]
[WhiteElo "1834"]
[BlackElo "2289"]
[PlyCount "88"]
[EventDate "2019.04.16"]
[EventType "swiss"]
[EventRounds "10"]
[EventCountry "COL"]
[SourceTitle "CBM 190 Extra"]
[Source "ChessBase"]
[SourceDate "2019.07.15"]
[SourceVersion "1"]
[SourceVersionDate "2019.07.15"]
[SourceQuality "1"]

1. e4 c5 2. Nf3 e6 3. d4 cxd4 4. Nxd4 a6 5. Nc3 Qc7 6. Bd3 Nf6 7. Qe2 d6 8. f4 g6 9. Be3 Bg7 10. 0-0-0 Nc6 11. f5 Ne5 12. h3 0-0 13. g4 Re8 14. Rhg1 b5 15. Bxb5 axb5 16. Ndxb5 Qb8 17. Rxd6 Ba6 18. Rb6 Bxb5 19. Qxb5 Qc7 20. g5 Nfd7 21. Rb7 Qc4 22. f6 Bf8 23. Rd1 Qxb5 24. Rxb5 Reb8 25. Rxb8 Rxb8 26. Bf4 Rb7 27. Bxe5 Nxe5 28. Rd8 h6 29. h4 hxg5 30. hxg5 Nd7 31. a4 Kh7 32. Nb5 Bc5 33. Kd2 Ne5 34. Ke2 Bb6 35. Ra8 Bg1 36. b3 Bh2 37. c4 Bf4 38. a5 Rd7 39. a6 Rd2+ 40. Kf1 Be3 41. Rd8 Rxd8 42. Ke2 Bf4 43. a7 Rd2+ 44. Ke1 Nf3+ 0-1

[Event "COL-ch sf1"]
[Site "Medellin"]
[Date "2019.04.18"]
[Round "5"]
[White "Perez Arroyave, Damian"]
[Black "Molina Valdes, Luisa Fernanda"]
[Result "1-0"]
[WhiteElo "1834"]
[BlackElo "1586"]
[PlyCount "43"]
[EventDate "2019.04.16"]
[EventType "swiss"]
[EventRounds "10"]
[EventCountry "COL"]
[SourceTitle "CBM 190 Extra"]
[Source "ChessBase"]
[SourceDate "2019.07.15"]
[SourceVersion "1"]
[SourceVersionDate "2019.07.15"]
[SourceQuality "1"]

1. e4 d6 2. Nf3 Nf6 3. Nc3 e5 4. Bc4 Be7 5. 0-0 0-0 6. h3 Nbd7 7. d3 a5 8. a3 Nc5 9. Be3 Ne6 10. Ne2 Re8 11. Ng3 Nf8 12. Ng5 Ne6 13. Nf3 h6 14. Qd2 Nf8 15. Bxh6 Be6 16. Bxe6 fxe6 17. Qg5 Ng6 18. Qxg6 Bf8 19. Ng5 Qe7 20. f4 Kh8 21. fxe5 gxh6 22. Nf7+ 1-0

[Event "COL-chB U2000"]
[Site "Antioquia"]
[Date "2018.12.07"]
[Round "3"]
[White "Perez Arroyave, Damian"]
[Black "Alvarez, Juan P"]
[Result "0-1"]
[WhiteElo "1831"]
[BlackElo "1923"]
[PlyCount "38"]
[EventDate "2018.12.06"]
[EventType "swiss"]
[EventRounds "7"]
[EventCountry "COL"]
[SourceTitle "CBM 190 Extra"]
[Source "ChessBase"]
[SourceDate "2019.07.15"]
[SourceVersion "1"]
[SourceVersionDate "2019.07.15"]
[SourceQuality "1"]

1. e4 c5 2. Nf3 d6 3. d4 cxd4 4. Qxd4 h6 5. Nc3 e5 6. Bb5+ Nc6 7. Bxc6+ bxc6 8. Qd3 Rb8 9. 0-0 Nf6 10. Rd1 Be7 11. Ne2 Qc7 12. Ng3 0-0 13. c4 Rd8 14. b3 d5 15. cxd5 cxd5 16. Bb2 dxe4 17. Bxe5 Rxd3 18. Bxc7 Rxd1+ 19. Rxd1 Rb7 0-1

[Event "COL-ch"]
[Site "Bogota"]
[Date "2018.11.11"]
[Round "8"]
[White "Perez Arroyave, Damian"]
[Black "Lopez Ramirez, Daniel Giovanny"]
[Result "1/2-1/2"]
[WhiteElo "1875"]
[BlackElo "1553"]
[PlyCount "61"]
[EventDate "2018.11.06"]
[EventType "swiss"]
[EventRounds "9"]
[EventCountry "COL"]
[SourceTitle "CBM 187 Extra"]
[Source "ChessBase"]
[SourceDate "2018.11.04"]
[SourceVersion "1"]
[SourceVersionDate "2018.11.04"]
[SourceQuality "1"]

1. e4 c5 2. Nc3 e6 3. f4 d5 4. Bb5+ Nc6 5. Nf3 Nge7 6. 0-0 a6 7. Bxc6+ Nxc6 8. exd5 exd5 9. Ng5 Be7 10. Qh5 Bxg5 11. fxg5 0-0 12. g6 fxg6 13. Qxd5+ Qxd5 14. Rxf8+ Kxf8 15. Nxd5 Bf5 16. d3 Rd8 17. Ne3 Nd4 18. Bd2 Ke8 19. Re1 Kd7 20. b4 cxb4 21. Bxb4 Re8 22. Bc3 Nxc2 23. Nxc2 Rc8 24. g4 Rxc3 25. gxf5 Rxc2 26. fxg6 hxg6 27. Rf1 Ke6 28. Rb1 b5 29. a4 bxa4 30. Rb6+ Kf5 31. Rxa6 1/2-1/2

[Event "COL-ch"]
[Site "Bogota"]
[Date "2018.11.06"]
[Round "1"]
[White "Martinez Romero, Martin"]
[Black "Perez Arroyave, Damian"]
[Result "1-0"]
[WhiteElo "2431"]
[BlackElo "1875"]
[PlyCount "53"]
[EventDate "2018.11.06"]
[EventType "swiss"]
[EventRounds "9"]
[EventCountry "COL"]
[SourceTitle "CBM 187 Extra"]
[Source "ChessBase"]
[SourceDate "2018.11.04"]
[SourceVersion "1"]
[SourceVersionDate "2018.11.04"]
[SourceQuality "1"]

1. e4 e5 2. Nf3 Nc6 3. Bb5 f5 4. d3 Nf6 5. 0-0 fxe4 6. dxe4 d6 7. Nc3 Bg4 8. h3 Bh5 9. Qd3 Be7 10. Ng5 Qd7 11. Bc4 Nd8 12. f4 exf4 13. Bxf4 h6 14. Nf3 g5 15. Bh2 Bf7 16. e5 Bxc4 17. Qxc4 d5 18. Qd3 Bc5+ 19. Kh1 Ne4 20. Nxd5 c6 21. Nc7+ Qxc7 22. Qxe4 Qh7 23. Qc4 Bb6 24. Rad1 Rg8 25. e6 Qg6 26. Ne5 Qxe6 27. Rxd8+ 1-0

[Event "Medellin Aristizabal Cup"]
[Site "Medellin"]
[Date "2017.09.07"]
[Round "2"]
[White "Zapata Cuartas, Juan Carlos"]
[Black "Perez Arroyave, Damian"]
[Result "1-0"]
[WhiteElo "2118"]
[BlackElo "1856"]
[PlyCount "41"]
[EventDate "2017.09.06"]
[EventType "swiss"]
[EventRounds "7"]
[EventCountry "COL"]
[SourceTitle "CBM 180 Extra"]
[Source "ChessBase"]
[SourceDate "2017.10.06"]
[SourceVersion "1"]
[SourceVersionDate "2017.10.06"]
[SourceQuality "1"]

1. d4 d5 2. c4 e6 3. Nc3 Nf6 4. e3 Nc6 5. Nf3 Bd6 6. Bd3 0-0 7. 0-0 dxc4 8. Bxc4 e5 9. d5 Ne7 10. e4 Ne8 11. Bg5 f6 12. Bd2 f5 13. exf5 Bxf5 14. Ng5 Nf6 15. Be3 a6 16. Bd3 Qd7 17. Rc1 Ng6 18. Bxf5 Qxf5 19. f3 b6 20. Ne6 Rf7 21. g4 1-0

[Event "Medellin Easter op 7th"]
[Site "Medellin"]
[Date "2017.04.14"]
[Round "4"]
[White "Ramos Arboleda, Dellys Carolina"]
[Black "Perez Arroyave, Damian"]
[Result "1-0"]
[WhiteElo "1603"]
[BlackElo "1897"]
[PlyCount "63"]
[EventDate "2017.04.12"]
[EventType "swiss"]
[EventRounds "8"]
[EventCountry "COL"]
[SourceTitle "CBM 177 Extra"]
[Source "ChessBase"]
[SourceDate "2017.04.27"]
[SourceVersion "1"]
[SourceVersionDate "2017.04.27"]
[SourceQuality "1"]

1. e4 e5 2. Nf3 Nc6 3. Bb5 f5 4. Bxc6 dxc6 5. 0-0 Nf6 6. Nxe5 fxe4 7. Re1 Bd6 8. d4 0-0 9. Bg5 Bxe5 10. dxe5 Qxd1 11. Rxd1 Ng4 12. Bh4 Nxe5 13. Nd2 Bf5 14. Bg3 Rfe8 15. Re1 Nf7 16. Bxc7 Rac8 17. Bg3 Rcd8 18. Re2 Bg4 19. Rxe4 Rxe4 20. Nxe4 Bf5 21. f3 Bxe4 22. fxe4 Rd2 23. Re1 Nd8 24. Rc1 Ne6 25. Kf1 Kf7 26. Bf2 Nd4 27. Be3 Rxc2 28. Rxc2 Nxc2 29. Bxa7 Nb4 30. a3 Nd3 31. Bd4 c5 32. Bc3 1-0

[Event "COL pre olympic sf1"]
[Site "Medellin"]
[Date "2016.03.24"]
[Round "4"]
[White "Perez Arroyave, Damian"]
[Black "Beltran, Carlos Armando"]
[Result "1/2-1/2"]
[WhiteElo "1896"]
[BlackElo "2202"]
[PlyCount "45"]
[EventDate "2016.03.22"]
[EventType "swiss"]
[EventRounds "9"]
[EventCountry "COL"]
[SourceTitle "CBM 171 Extra"]
[Source "ChessBase"]
[SourceDate "2016.04.26"]
[SourceVersion "1"]
[SourceVersionDate "2016.04.26"]
[SourceQuality "1"]

1. e4 e6 2. d4 d5 3. Nc3 Bb4 4. e5 Qd7 5. a3 Bxc3+ 6. bxc3 b6 7. Qg4 f5 8. Qg3 Ba6 9. Bxa6 Nxa6 10. Ne2 Nb8 11. Nf4 Nc6 12. Nxe6 Qxe6 13. Qxg7 Qg6 14. Qxh8 Qxg2 15. Rf1 0-0-0 16. Qxh7 Qe4+ 17. Be3 Qf3 18. Qh4 Nge7 19. Qf4 Qh5 20. Qh6 Qf3 21. Qf4 Qh5 22. Qh6 Qf3 23. Qf4 1/2-1/2

[Event "Medellin Castro Memorial"]
[Site "Medellin"]
[Date "2015.05.01"]
[Round "2"]
[White "Blandon, Luis Guillermo"]
[Black "Perez Arroyave, Damian"]
[Result "1-0"]
[WhiteElo "2167"]
[BlackElo "1906"]
[PlyCount "35"]
[EventDate "2015.04.30"]
[EventType "swiss"]
[EventRounds "7"]
[EventCountry "COL"]
[SourceTitle "CBM 166 Extra"]
[Source "ChessBase"]
[SourceDate "2015.06.18"]
[SourceVersion "1"]
[SourceVersionDate "2015.06.18"]
[SourceQuality "1"]

1. e4 e5 2. Nf3 Nc6 3. Bb5 f5 4. d3 Nf6 5. exf5 d6 6. d4 e4 7. d5 a6 8. dxc6 axb5 9. cxb7 Bxb7 10. Nd4 Qd7 11. Ne6 Bd5 12. Nc3 Bxe6 13. fxe6 Qc6 14. Bg5 Be7 15. Bxf6 Bxf6 16. Nd5 Bxb2 17. Qh5+ g6 18. Qg5 1-0

[Event "Medellin Castro Memorial"]
[Site "Medellin"]
[Date "2015.05.01"]
[Round "3"]
[White "Perez Arroyave, Damian"]
[Black "Restrepo, Hugo"]
[Result "1-0"]
[WhiteElo "1906"]
[BlackElo "1683"]
[PlyCount "63"]
[EventDate "2015.04.30"]
[EventType "swiss"]
[EventRounds "7"]
[EventCountry "COL"]
[SourceTitle "CBM 166 Extra"]
[Source "ChessBase"]
[SourceDate "2015.06.18"]
[SourceVersion "1"]
[SourceVersionDate "2015.06.18"]
[SourceQuality "1"]

1. e4 c5 2. d4 cxd4 3. Qxd4 Nc6 4. Qe3 Nf6 5. Be2 d6 6. Bd2 e6 7. Nc3 Be7 8. 0-0-0 a6 9. f4 Qc7 10. g4 b5 11. g5 Nd7 12. f5 Nde5 13. Nh3 b4 14. Na4 exf5 15. Nb6 Rb8 16. Nxc8 Qxc8 17. exf5 Qxf5 18. Rhf1 Qe6 19. b3 a5 20. Nf4 Bxg5 21. Nxe6 Bxe3 22. Nxg7+ Kf8 23. Bxe3 Kxg7 24. Rxd6 Rhd8 25. Bh6+ Kh8 26. Rdf6 Nd4 27. Bd1 Rbc8 28. Bf4 Nd3+ 29. Kb1 Nxf4 30. R6xf4 Nb5 31. Kb2 Nc3 32. Bg4 1-0

[Event "Medellin Easter op"]
[Site "Medellin"]
[Date "2015.??.??"]
[Round "5"]
[White "Perez Arroyave, Damian"]
[Black "Rendon, Daniel"]
[Result "1-0"]
[WhiteElo "1899"]
[BlackElo "2076"]
[PlyCount "37"]
[EventDate "2015.04.01"]
[EventType "swiss"]
[EventRounds "9"]
[EventCountry "COL"]
[SourceTitle "CBM 165 Extra"]
[Source "ChessBase"]
[SourceDate "2015.04.21"]
[SourceVersion "1"]
[SourceVersionDate "2015.04.21"]
[SourceQuality "1"]

1. e4 e5 2. Nf3 Nc6 3. d4 exd4 4. Bc4 Nf6 5. e5 d5 6. Bb5 Bd7 7. Bxc6 bxc6 8. Nxd4 Ne4 9. 0-0 Be7 10. f3 Nc5 11. f4 0-0 12. f5 Ne4 13. Nd2 Nxd2 14. Bxd2 Bc5 15. c3 a5 16. Qh5 Re8 17. Rae1 Bxd4+ 18. cxd4 c5 19. f6 1-0

[Event "Medellin Flores op 19th"]
[Site "Medellin"]
[Date "2013.08.06"]
[Round "7"]
[White "Perez Arroyave, Damian"]
[Black "Rangel, Carlos"]
[Result "1-0"]
[WhiteElo "1894"]
[BlackElo "2070"]
[PlyCount "49"]
[EventDate "2013.08.03"]
[EventType "swiss"]
[EventRounds "9"]
[EventCountry "COL"]
[SourceTitle "CBM 155 Extra"]
[Source "ChessBase"]
[SourceDate "2013.08.26"]
[SourceVersion "1"]
[SourceVersionDate "2013.08.26"]
[SourceQuality "1"]

1. e4 c5 2. Nf3 d6 3. d4 cxd4 4. Qxd4 a6 5. Nc3 Nc6 6. Qe3 g6 7. Bd2 Bh6 8. Qe2 Bg7 9. 0-0-0 Bg4 10. h3 Bxf3 11. gxf3 Rc8 12. f4 b5 13. Nd5 Nd4 14. Qd3 Rxc2+ 15. Kb1 Rxd2 16. Rxd2 e6 17. Nb4 Ne7 18. Qe3 Qb6 19. Bg2 e5 20. Rhd1 Bh6 21. Nd3 0-0 22. Qg3 f6 23. h4 Ne6 24. Qg4 Kf7 25. Nxe5+ 1-0

[Event "Medellin op Experts"]
[Site "Medellin"]
[Date "2011.04.24"]
[Round "8.12"]
[White "Sierra Mejia, Juan Pablo"]
[Black "Perez Arroyave, Damian"]
[Result "1-0"]
[WhiteElo "1950"]
[BlackElo "1894"]
[PlyCount "51"]
[EventDate "2011.04.20"]
[EventType "swiss"]
[EventRounds "9"]
[EventCountry "COL"]
[SourceTitle "EXT 2024"]
[Source "ChessBase"]
[SourceDate "2023.10.10"]
[SourceVersion "1"]
[SourceVersionDate "2023.10.10"]
[SourceQuality "1"]

1. d4 e6 2. e3 c5 3. f4 Nf6 4. Bd3 Nc6 5. c3 d5 6. Nf3 Bd7 7. Nbd2 cxd4 8. exd4 Rc8 9. Ne5 g6 10. 0-0 Nh5 11. Qe2 Bh6 12. Nb3 b6 13. f5 Bxc1 14. fxe6 Bxe6 15. Nxf7 Qe7 16. Raxc1 Bxf7 17. Qd2 0-0 18. Rce1 Qh4 19. Rf3 Rce8 20. Ref1 Re7 21. Qh6 Qg4 22. h3 Qe6 23. Nd2 Ng7 24. Rg3 Nd8 25. Kh2 Nb7 26. Nf3 1-0

[Event "Medellin op Experts"]
[Site "Medellin"]
[Date "2011.04.23"]
[Round "7.9"]
[White "Cardona, Jeyson"]
[Black "Perez Arroyave, Damian"]
[Result "1-0"]
[WhiteElo "1863"]
[BlackElo "1894"]
[PlyCount "52"]
[EventDate "2011.04.20"]
[EventType "swiss"]
[EventRounds "9"]
[EventCountry "COL"]
[SourceTitle "EXT 2024"]
[Source "ChessBase"]
[SourceDate "2023.10.10"]
[SourceVersion "1"]
[SourceVersionDate "2023.10.10"]
[SourceQuality "1"]

1. Nf3 e6 2. d4 c5 3. Nc3 cxd4 4. Nxd4 Nc6 5. e4 Nf6 6. f3 Bb4 7. Nxc6 bxc6 8. Bd2 d5 9. a3 Ba5 10. Bd3 Bb6 11. Qe2 Rb8 12. Bg5 Bd4 13. Nd1 Bxb2 14. Nxb2 Rxb2 15. e5 h6 16. Bc1 Rb6 17. exf6 Qxf6 18. Ra2 c5 19. Bb5+ Ke7 20. Bb2 Qh4+ 21. g3 Qh3 22. a4 a6 23. Qe5 d4 24. Qxc5+ Rd6 25. Bf1 Qf5 26. Qxf5 exf5 1-0